000 01112cam a2200229 4500
001 L135912
008 061218n2006 000 0 eng u
035 _a(Sirsi) u135912
041 0 _aeng
050 0 4 _a614.76 $2 18
110 1 _aUnited Kingdom
_kLaws, etc
_95044
245 0 4 _aThe waste electrical and electronic equipment regulations 2006
260 _aLondon
_bTSO
_c2006
490 _aSI
_b2006
_c3289
520 _aCame into force on 12th December 2006. These Regulations transpose the main provisions of Council Directive 2002/96/EC of 27th January 2003 on waste electrical and electronic equipment (OJ No. L37, 13.2.2003, p.24) as amended by Council Directive 2003/108/EC (OJ No. L345, 31.12.2003, p.106) (as amended "the Directive").
590 _aKA NTK
650 2 4 _aWASTE ELECTRICAL AND ELECTRONIC EQUIPMENT REGULATIONS 2006
651 4 _aUnited Kingdom
_y
690 _aENVIRONMENTAL AND LAND CONSULTANCY-WASTE MANAGEMENT-HAZARDOUS WASTE TREATMENT
856 4 0 _uhttps://www.opsi.gov.uk/si/si2006/20063289.htm
_zView the Statutory Instrument free of charge at www.opsi.gov.uk
942 _n0
999 _c106237
_d106237